Tilastot visalle 15 maata joissa on eniten Covid-19-tapauksia - 6. lokakuuta 2021

Klikkaa tästä pelataksesi tätä visaa!

Yleistilastot

  • Tätä visaa on pelattu 3 kertaa
  • Keskiarvotulos 18 / 27

Vastaustilastot

maa% Oikein
Brasilia
100%
Espanja
100%
Indonesia
100%
Intia
100%
Italia
100%
Meksiko
100%
Ranska
100%
Ruotsi
100%
Saksa
100%
Venäjä
100%
Viro
100%
Yhdysvallat
100%
Alankomaat
50%
Argentiina
50%
Belgia
50%
Georgia
50%
Iran
50%
Kolumbia
50%
Liettua
50%
Serbia
50%
Slovenia
50%
Tšekki
50%
Turkki
50%
Yhdistynyt
kuningaskunta
50%
Bahrain
0%
Israel
0%
Uruguay
0%

Tulosjakauma

Persentiili vastausten määrän mukaan

Jokaisen tuloksen saaneiden osuus

Tuloshistoriasi

Et ole pelannut tätä visaa